000 00328 a2200157 4500
001 167114
020 _a
040 _cMagnum
100 _aFelipe, Carlos
240 1 0 _aO grande livro do folclore
_lpor
245 1 0 _aO grande livro do folclore
362 0 _a1899
440 1 _aLeitura
697 _aFOLCLORE
942 _cBK
999 _c167114
_d167114